[Event "Kragero Resort Chess B 2019"]
[Site "Kragero"]
[Date "2019.02.24"]
[Round "9.3"]
[White "Halvorsen, Benjamin"]
[Black "Austad, Eirik"]
[Result "1-0"]
[WhiteElo "1683"]
[BlackElo "1629"]
[Annotator "NA RC"]
[PlyCount "103"]
[EventDate "2019.02.20"]
[EventType "swiss"]
[EventCountry "NOR"]
[SourceTitle "playchess.com"]
[Source "ChessBase"]
[SourceQuality "1"]
[TimeControl "5400+30"]

1. e4 {[%emt 0:00:00]} c6 {[%emt 0:00:32]} 2. d4 {[%emt 0:00:00]} d5 {[%emt 0:00:14]} 3. f3 {[%emt 0:00:00]} e6 {[%emt 0:00:06]} 4. Nc3 {[%emt 0:00:00]} Bb4 {[%emt 0:00:26]} 5. Bf4 {[%emt 0:00:21]} Nf6 {[%emt 0:02:47]} 6. Qd3 {[%emt 0:02:37]} c5 {[%emt 0:08:26]} 7. dxc5 {[%emt 0:03:55]} Nc6 {[%emt 0:03:21]} 8. O-O-O {[%emt 0:03:58]} d4 {[%emt 0:06:27]} 9. Nb5 {[%emt 0:04:11]} O-O {[%emt 0:05:42]} 10. Bd6 {[%emt 0:01:41]} Re8 {[%emt 0:04:44]} 11. Nc7 {[%emt 0:03:28]} Bxc5 {[%emt 0:01:02]} 12. Nxe8 {[%emt 0:00:12]} Bxd6 {[%emt 0:00:31]} 13. Nxd6 {[%emt 0:00:32]} Qxd6 {[%emt 0:00:09]} 14. Ne2 {[%emt 0:01:29]} e5 {[%emt 0:00:54]} 15. Kb1 {[%emt 0:02:05]} Be6 {[%emt 0:00:55]} 16. a3 {[%emt 0:05:41]} Na5 {[%emt 0:01:12]} 17. f4 {[%emt 0:02:23]} Rd8 {[%emt 0:02:11]} 18. Qb5 {[%emt 0:02:09]} Nc4 {[%emt 0:11:12]} 19. fxe5 {[%emt 0:05:30]} Qxe5 {[%emt 0:01:51]} 20. Qxe5 {[%emt 0:00:00]} Nxe5 {[%emt 0:00:06]} 21. Rxd4 {[%emt 0:00:17]} Rxd4 {[%emt 0:01:01]} 22. Nxd4 {[%emt 0:00:05]} Nxe4 {[%emt 0:00:48]} 23. Nxe6 {[%emt 0:00:22]} fxe6 {[%emt 0:00:02]} 24. Be2 {[%emt 0:02:42]} Kf7 {[%emt 0:02:20]} 25. Kc1 {[%emt 0:01:16]} Ke7 {[%emt 0:00:16]} 26. Bf3 {[%emt 0:02:28]} Nd6 {[%emt 0:00:38]} 27. Re1 {[%emt 0:02:31]} Nd7 {[%emt 0:01:01]} 28. Kd2 {[%emt 0:01:13]} b6 {[%emt 0:00:53]} 29. Bd5 {[%emt 0:02:54]} Nf8 {[%emt 0:02:55]} 30. Ba2 {[%emt 0:02:32]} Nb5 {[%emt 0:00:25]} 31. c4 {[%emt 0:03:34]} Nc7 {[%emt 0:00:07]} 32. b4 {[%emt 0:01:17]} Nd7 {[%emt 0:00:07]} 33. Re3 {[%emt 0:08:38]} Kd6 {[%emt 0:02:03]} 34. Bb3 {[%emt 0:06:48]} Nf6 {[%emt 0:02:13]} 35. h3 {[%emt 0:02:52]} h6 {[%emt 0:02:07]} 36. Rd3+ {[%emt 0:01:00]} Ke7 {[%emt 0:00:50]} 37. Ke3 {[%emt 0:01:47]} a6 {[%emt 0:01:36]} 38. c5 {[%emt 0:01:57]} b5 {[%emt 0:01:01]} 39. Rd6 {[%emt 0:01:07]} Nfe8 {[%emt 0:00:40]} 40. Rb6 {[%emt 0:00:39]} Kd7 {[%emt 0:00:28]} 41. Kd4 {[%emt 0:01:29]} Na8 {[%emt 0:03:29]} 42. Rxe6 {[%emt 0:03:30]} Nac7 {[%emt 0:00:56]} 43. Rb6 {[%emt 0:00:20]} Nf6 {[%emt 0:00:24]} 44. Bd1 {[%emt 0:03:05]} Nfe8 {[%emt 0:00:24]} 45. Bf3 {[%emt 0:00:15]} Ne6+ {[%emt 0:00:30]} 46. Ke5 {[%emt 0:00:42]} N6c7 {[%emt 0:00:14]} 47. Bc6+ {[%emt 0:00:34]} Ke7 {[%emt 0:00:21]} 48. Bxe8 {[%emt 0:00:17]} Nxe8 {[%emt 0:00:13]} 49. Rxa6 {[%emt 0:00:13]} h5 {[%emt 0:00:06]} 50. Re6+ {[%emt 0:00:15]} Kd7 {[%emt 0:00:07]} 51. Rxe8 {[%emt 0:00:20]} Kxe8 {[%emt 0:00:08]} 52. Kd6 {[%emt 0:00:08]} 1-0

[Event "Kragero Resort Chess B 2019"]
[Site "Kragero"]
[Date "2019.02.24"]
[Round "9.4"]
[White "Manukyan, Hayk T."]
[Black "Mikelsen, Mattis"]
[Result "1/2-1/2"]
[WhiteElo "1806"]
[BlackElo "1745"]
[Annotator "NA RC"]
[PlyCount "84"]
[EventDate "2019.02.20"]
[EventType "swiss"]
[EventCountry "NOR"]
[SourceTitle "playchess.com"]
[Source "ChessBase"]
[SourceQuality "1"]
[TimeControl "5400+30"]

1. d4 {[%emt 0:00:00]} Nf6 {[%emt 0:00:00]} 2. Bg5 {[%emt 0:00:00]} d5 {[%emt 0:00:08]} 3. Nd2 {[%emt 0:00:00]} Bf5 {[%emt 0:00:32]} 4. e3 {[%emt 0:00:15]} e6 {[%emt 0:00:18]} 5. Bd3 {[%emt 0:00:30]} Bxd3 {[%emt 0:00:50]} 6. cxd3 {[%emt 0:00:02]} Be7 {[%emt 0:00:36]} 7. Ngf3 {[%emt 0:00:13]} O-O {[%emt 0:00:33]} 8. O-O {[%emt 0:00:06]} Nbd7 {[%emt 0:03:54]} 9. Qe2 {[%emt 0:04:24]} c5 {[%emt 0:01:03]} 10. dxc5 {[%emt 0:00:14]} Nxc5 {[%emt 0:00:08]} 11. Bxf6 {[%emt 0:00:11]} Bxf6 {[%emt 0:00:10]} 12. d4 {[%emt 0:00:03]} Nd7 {[%emt 0:01:09]} 13. Qb5 {[%emt 0:00:56]} Nb6 {[%emt 0:03:34]} 14. Rac1 {[%emt 0:00:35]} Rc8 {[%emt 0:00:27]} 15. Rc3 {[%emt 0:10:51]} Qd7 {[%emt 0:02:29]} 16. Qxd7 {[%emt 0:00:15]} Nxd7 {[%emt 0:00:01]} 17. Rfc1 {[%emt 0:00:13]} Nb6 {[%emt 0:00:56]} 18. Kf1 {[%emt 0:14:07]} Rfd8 {[%emt 0:01:45]} 19. Ke2 {[%emt 0:00:10]} Be7 {[%emt 0:01:03]} 20. a3 {[%emt 0:01:45]} Rxc3 {[%emt 0:02:48]} 21. Rxc3 {[%emt 0:00:08]} Rc8 {[%emt 0:00:07]} 22. Rxc8+ {[%emt 0:00:43]} Nxc8 {[%emt 0:00:02]} 23. Kd3 {[%emt 0:01:05]} f6 {[%emt 0:00:28]} 24. e4 {[%emt 0:00:37]} dxe4+ {[%emt 0:01:35]} 25. Nxe4 {[%emt 0:00:08]} Kf7 {[%emt 0:01:39]} 26. Nc3 {[%emt 0:00:30]} Nb6 {[%emt 0:03:01]} 27. Nd2 {[%emt 0:00:16]} Bd6 {[%emt 0:00:38]} 28. g3 {[%emt 0:00:54]} a6 {[%emt 0:05:48]} 29. Nc4 {[%emt 0:00:19]} Nxc4 {[%emt 0:02:36]} 30. Kxc4 {[%emt 0:00:01]} Ke7 {[%emt 0:01:10]} 31. Kd3 {[%emt 0:01:27]} Bc7 {[%emt 0:01:53]} 32. Ne4 {[%emt 0:00:18]} b6 {[%emt 0:03:02]} 33. Nc3 {[%emt 0:00:58]} Kd6 {[%emt 0:00:31]} 34. Na2 {[%emt 0:00:42]} b5 {[%emt 0:01:39]} 35. Nc3 {[%emt 0:03:01]} Bb6 {[%emt 0:03:44]} 36. f4 {[%emt 0:04:05]} f5 {[%emt 0:02:55]} 37. Na2 {[%emt 0:03:55]} Ba5 {[%emt 0:01:17]} 38. b4 {[%emt 0:01:48]} Bb6 {[%emt 0:00:38]} 39. Nc1 {[%emt 0:00:20]} a5 {[%emt 0:01:23]} 40. Nb3 {[%emt 0:32:13]} axb4 {[%emt 0:00:03]} 41. axb4 {[%emt 0:00:08]} Kd5 {[%emt 0:00:32]} 42. Nc5 {[%emt 0:00:40]} Bc7 {[%emt 0:00:14]} 1/2-1/2

[Event "Kragero Resort Chess B 2019"]
[Site "Kragero"]
[Date "2019.02.24"]
[Round "9.5"]
[White "Hausken, Andreas Skrede"]
[Black "Johannessen, Martin T."]
[Result "1/2-1/2"]
[WhiteElo "1752"]
[BlackElo "1732"]
[Annotator "NA RC"]
[PlyCount "106"]
[EventDate "2019.02.20"]
[EventType "swiss"]
[EventCountry "NOR"]
[SourceTitle "playchess.com"]
[Source "ChessBase"]
[SourceQuality "1"]
[TimeControl "5400+30"]

1. e4 {[%emt 0:00:00]} c5 {[%emt 0:00:00]} 2. Nc3 {[%emt 0:00:09]} Nc6 {[%emt 0:00:00]} 3. Nge2 {[%emt 0:00:26]} Nf6 {[%emt 0:01:09]} 4. g3 {[%emt 0:00:48]} d6 {[%emt 0:00:31]} 5. Bg2 {[%emt 0:00:40]} e6 {[%emt 0:00:14]} 6. O-O {[%emt 0:00:29]} Be7 {[%emt 0:00:04]} 7. d4 {[%emt 0:04:34]} cxd4 {[%emt 0:00:09]} 8. Nxd4 {[%emt 0:00:16]} Nxd4 {[%emt 0:04:03]} 9. Qxd4 {[%emt 0:00:52]} O-O {[%emt 0:00:20]} 10. h3 {[%emt 0:02:25]} Qa5 {[%emt 0:13:11]} 11. Be3 {[%emt 0:02:05]} Qh5 {[%emt 0:03:15]} 12. g4 {[%emt 0:01:12]} Qg6 {[%emt 0:13:08]} 13. Nb5 {[%emt 0:02:38]} Bd7 {[%emt 0:03:08]} 14. Nxd6 {[%emt 0:02:33]} Bxd6 {[%emt 0:00:07]} 15. Qxd6 {[%emt 0:00:57]} Bb5 {[%emt 0:00:21]} 16. Rfe1 {[%emt 0:02:01]} Nxe4 {[%emt 0:01:39]} 17. Qb4 {[%emt 0:00:29]} Bc6 {[%emt 0:02:50]} 18. Bxa7 {[%emt 0:00:57]} Nf6 {[%emt 0:01:16]} 19. Bc5 {[%emt 0:01:12]} Ra4 {[%emt 0:10:58]} 20. Bxf8 {[%emt 0:03:55]} Rxb4 {[%emt 0:00:07]} 21. Bxb4 {[%emt 0:00:20]} Bxg2 {[%emt 0:06:35]} 22. Kxg2 {[%emt 0:00:21]} Nxg4 {[%emt 0:00:14]} 23. hxg4 {[%emt 0:01:53]} Qxg4+ {[%emt 0:00:07]} 24. Kf1 {[%emt 0:00:26]} Qxb4 {[%emt 0:00:18]} 25. a4 {[%emt 0:02:55]} Qg4 {[%emt 0:02:20]} 26. Red1 {[%emt 0:00:52]} h5 {[%emt 0:00:14]} 27. Rd8+ {[%emt 0:02:08]} Kh7 {[%emt 0:00:06]} 28. Ra3 {[%emt 0:00:22]} Qc4+ {[%emt 0:01:41]} 29. Kg1 {[%emt 0:00:37]} Qxc2 {[%emt 0:00:54]} 30. Rh3 {[%emt 0:00:22]} Qxa4 {[%emt 0:07:22]} 31. Rxh5+ {[%emt 0:00:58]} Kg6 {[%emt 0:00:09]} 32. Rh3 {[%emt 0:01:23]} Qa1+ {[%emt 0:04:37]} 33. Kg2 {[%emt 0:00:18]} Qxb2 {[%emt 0:07:18]} 34. Rd7 {[%emt 0:00:16]} f5 {[%emt 0:02:23]} 35. Re3 {[%emt 0:00:47]} Kf6 {[%emt 0:01:02]} 36. Rd6 {[%emt 0:00:54]} Qa2 {[%emt 0:00:27]} 37. Rb6 {[%emt 0:00:19]} Qd5+ {[%emt 0:00:10]} 38. Kg1 {[%emt 0:00:15]} f4 {[%emt 0:04:36]} 39. Re1 {[%emt 0:01:44]} f3 {[%emt 0:00:28]} 40. Kh2 {[%emt 0:00:19]} g5 {[%emt 0:03:33]} 41. Kg3 {[%emt 0:00:16]} Qf5 {[%emt 0:00:15]} 42. Rb4 {[%emt 0:00:28]} Qd5 {[%emt 0:04:00]} 43. Rb6 {[%emt 0:00:16]} Kf5 {[%emt 0:01:01]} 44. Reb1 {[%emt 0:01:13]} e5 {[%emt 0:03:10]} 45. Rxb7 {[%emt 0:00:07]} Qe4 {[%emt 0:01:04]} 46. R1b4 {[%emt 0:00:16]} Qe1 {[%emt 0:00:47]} 47. Kxf3 {[%emt 0:00:26]} Qd1+ {[%emt 0:00:21]} 48. Kg2 {[%emt 0:00:31]} g4 {[%emt 0:00:33]} 49. Rf7+ {[%emt 0:00:38]} Ke6 {[%emt 0:00:13]} 50. Rg7 {[%emt 0:00:38]} Qf3+ {[%emt 0:00:07]} 51. Kg1 {[%emt 0:00:22]} Qd1+ {[%emt 0:00:57]} 52. Kg2 {[%emt 0:00:22]} Qf3+ {[%emt 0:00:07]} 53. Kg1 {[%emt 0:00:04]} Qd1+ {[%emt 0:00:11]} 1/2-1/2

[Event "Kragero Resort Chess B 2019"]
[Site "Kragero"]
[Date "2019.02.24"]
[Round "9.6"]
[White "Bernstein, Jonas August"]
[Black "Khoo-Thwe, Louis"]
[Result "1-0"]
[WhiteElo "1744"]
[BlackElo "1673"]
[Annotator "NA RC"]
[PlyCount "115"]
[EventDate "2019.02.20"]
[EventType "swiss"]
[EventCountry "NOR"]
[SourceTitle "playchess.com"]
[Source "ChessBase"]
[SourceQuality "1"]
[TimeControl "5400+30"]

1. d4 {[%emt 0:03:10]} Nf6 {[%emt 0:00:00]} 2. c4 {[%emt 0:00:41]} e6 {[%emt 0:00:00]} 3. Nf3 {[%emt 0:00:09]} Bb4+ {[%emt 0:00:08]} 4. Bd2 {[%emt 0:00:30]} Bxd2+ {[%emt 0:00:13]} 5. Qxd2 {[%emt 0:00:30]} d5 {[%emt 0:00:17]} 6. Nc3 {[%emt 0:00:19]} O-O {[%emt 0:00:33]} 7. e3 {[%emt 0:00:08]} Nbd7 {[%emt 0:02:21]} 8. Rc1 {[%emt 0:01:16]} c6 {[%emt 0:00:15]} 9. Bd3 {[%emt 0:00:28]} Re8 {[%emt 0:01:39]} 10. O-O {[%emt 0:01:06]} dxc4 {[%emt 0:02:05]} 11. Bxc4 {[%emt 0:00:15]} e5 {[%emt 0:00:16]} 12. Ng5 {[%emt 0:12:00]} Rf8 {[%emt 0:00:12]} 13. dxe5 {[%emt 0:01:06]} Nxe5 {[%emt 0:00:19]} 14. Qxd8 {[%emt 0:01:14]} Rxd8 {[%emt 0:00:08]} 15. Bb3 {[%emt 0:03:03]} Rf8 {[%emt 0:02:33]} 16. Rfd1 {[%emt 0:04:45]} h6 {[%emt 0:03:48]} 17. Nge4 {[%emt 0:01:05]} Nxe4 {[%emt 0:01:16]} 18. Nxe4 {[%emt 0:00:03]} Rb8 {[%emt 0:12:34]} 19. Nd6 {[%emt 0:10:09]} Ng4 {[%emt 0:04:47]} 20. Nxf7 {[%emt 0:02:16]} Kh7 {[%emt 0:01:32]} 21. h3 {[%emt 0:03:00]} Nf6 {[%emt 0:00:18]} 22. Ne5 {[%emt 0:07:42]} Bf5 {[%emt 0:01:08]} 23. Rd4 {[%emt 0:05:29]} Rbd8 {[%emt 0:02:16]} 24. Rcd1 {[%emt 0:00:58]} Rxd4 {[%emt 0:01:22]} 25. Rxd4 {[%emt 0:01:23]} Re8 {[%emt 0:00:22]} 26. Nc4 {[%emt 0:04:18]} Re7 {[%emt 0:06:05]} 27. Rd8 {[%emt 0:02:08]} Rd7 {[%emt 0:01:15]} 28. Rxd7 {[%emt 0:02:16]} Bxd7 {[%emt 0:00:51]} 29. Ne5 {[%emt 0:02:31]} Bf5 {[%emt 0:00:32]} 30. Nf7 {[%emt 0:01:27]} b6 {[%emt 0:01:24]} 31. Nd6 {[%emt 0:02:45]} Bd7 {[%emt 0:00:59]} 32. e4 {[%emt 0:03:16]} Ne8 {[%emt 0:01:22]} 33. Nxe8 {[%emt 0:01:11]} Bxe8 {[%emt 0:00:11]} 34. Be6 {[%emt 0:01:07]} g6 {[%emt 0:00:53]} 35. Kf1 {[%emt 0:00:52]} Kg7 {[%emt 0:00:18]} 36. Ke2 {[%emt 0:00:16]} Kf6 {[%emt 0:00:12]} 37. Bb3 {[%emt 0:00:43]} c5 {[%emt 0:00:20]} 38. Ke3 {[%emt 0:00:36]} g5 {[%emt 0:00:55]} 39. Bc4 {[%emt 0:03:02]} Bc6 {[%emt 0:01:09]} 40. g3 {[%emt 0:03:02]} Bd7 {[%emt 0:00:40]} 41. Bf1 {[%emt 0:00:40]} Be6 {[%emt 0:00:53]} 42. b3 {[%emt 0:00:30]} a5 {[%emt 0:02:01]} 43. f4 {[%emt 0:00:44]} gxf4+ {[%emt 0:00:18]} 44. Kxf4 {[%emt 0:00:34]} a4 {[%emt 0:00:23]} 45. Bc4 {[%emt 0:00:35]} axb3 {[%emt 0:00:53]} 46. axb3 {[%emt 0:00:54]} Bxh3 {[%emt 0:01:01]} 47. g4 {[%emt 0:00:36]} Bg2 {[%emt 0:00:53]} 48. e5+ {[%emt 0:02:19]} Kg6 {[%emt 0:01:25]} 49. Bd3+ {[%emt 0:01:02]} Kf7 {[%emt 0:00:11]} 50. Kf5 {[%emt 0:00:42]} Bd5 {[%emt 0:00:10]} 51. Bc4 {[%emt 0:01:46]} Bxc4 52. bxc4 {[%emt 0:00:00]} Ke7 {[%emt 0:01:22]} 53. e6 {[%emt 0:03:45]} b5 {[%emt 0:02:45]} 54. cxb5 {[%emt 0:00:07]} c4 {[%emt 0:00:06]} 55. b6 {[%emt 0:00:06]} c3 {[%emt 0:00:03]} 56. b7 {[%emt 0:00:04]} c2 {[%emt 0:00:08]} 57. b8=Q {[%emt 0:00:04]} c1=Q {[%emt 0:00:09]} 58. Qb7+ {[%emt 0:00:39]} 1-0

[Event "Kragero Resort Chess B 2019"]
[Site "Kragero"]
[Date "2019.02.24"]
[Round "9.7"]
[White "Fjellheim, Benjamin"]
[Black "Gronn, Embla Ekeland"]
[Result "1-0"]
[WhiteElo "1757"]
[BlackElo "1633"]
[Annotator "NA RC"]
[PlyCount "69"]
[EventDate "2019.02.20"]
[EventType "swiss"]
[EventCountry "NOR"]
[SourceTitle "playchess.com"]
[Source "ChessBase"]
[SourceQuality "1"]
[TimeControl "5400+30"]

1. Nf3 {[%emt 0:00:15]} d5 {[%emt 0:00:08]} 2. b3 {[%emt 0:00:10]} Bf5 {[%emt 0:02:21]} 3. Bb2 {[%emt 0:00:14]} e6 {[%emt 0:00:43]} 4. e3 {[%emt 0:00:10]} Nf6 {[%emt 0:00:40]} 5. Be2 {[%emt 0:00:43]} Be7 {[%emt 0:01:28]} 6. O-O {[%emt 0:00:11]} h6 {[%emt 0:01:22]} 7. d4 {[%emt 0:00:30]} O-O {[%emt 0:00:18]} 8. c4 {[%emt 0:00:06]} dxc4 {[%emt 0:10:55]} 9. Bxc4 {[%emt 0:01:42]} Nbd7 {[%emt 0:03:17]} 10. Nbd2 {[%emt 0:02:32]} c5 {[%emt 0:03:24]} 11. Rc1 {[%emt 0:01:45]} cxd4 {[%emt 0:02:20]} 12. Nxd4 {[%emt 0:00:48]} Bg4 {[%emt 0:05:21]} 13. Be2 {[%emt 0:02:21]} Bxe2 {[%emt 0:00:26]} 14. Qxe2 {[%emt 0:00:12]} Nb6 {[%emt 0:04:43]} 15. Rfd1 {[%emt 0:00:45]} Nfd5 {[%emt 0:04:58]} 16. Nc4 {[%emt 0:21:34]} Qe8 {[%emt 0:08:03]} 17. e4 {[%emt 0:23:12]} Nf4 {[%emt 0:09:13]} 18. Qg4 {[%emt 0:03:44]} Nxc4 {[%emt 0:07:00]} 19. Rxc4 {[%emt 0:04:50]} Ng6 {[%emt 0:02:02]} 20. Rc7 {[%emt 0:08:53]} Bf6 {[%emt 0:14:15]} 21. Ba3 {[%emt 0:05:12]} Qb8 {[%emt 0:07:14]} 22. Nxe6 {[%emt 0:09:37]} Ne5 {[%emt 0:06:51]} 23. Qf5 {[%emt 0:10:13]} fxe6 {[%emt 0:00:35]} 24. Qxe6+ {[%emt 0:00:05]} Rf7 {[%emt 0:00:21]} 25. Rdc1 {[%emt 0:01:35]} Qd8 {[%emt 0:03:53]} 26. Rc8 {[%emt 0:00:15]} Kh7 {[%emt 0:00:35]} 27. Rxd8 {[%emt 0:00:15]} Rxd8 {[%emt 0:00:06]} 28. f4 {[%emt 0:01:18]} Rfd7 {[%emt 0:00:50]} 29. fxe5 {[%emt 0:00:16]} Bg5 {[%emt 0:00:21]} 30. Re1 {[%emt 0:00:50]} Rd2 {[%emt 0:00:31]} 31. Be7 {[%emt 0:00:35]} Bxe7 {[%emt 0:00:24]} 32. Qxe7 {[%emt 0:00:02]} R8d7 {[%emt 0:00:17]} 33. Qe6 {[%emt 0:00:08]} R7d4 {[%emt 0:00:33]} 34. Qf5+ {[%emt 0:00:21]} Kh8 {[%emt 0:00:12]} 35. e6 {[%emt 0:00:14]} 1-0

[Event "Kragero Resort Chess B 2019"]
[Site "Kragero"]
[Date "2019.02.24"]
[Round "9.8"]
[White "Opseth, Oliver"]
[Black "Berg, Thomas"]
[Result "1-0"]
[WhiteElo "1750"]
[BlackElo "2235"]
[Annotator "TA"]
[PlyCount "73"]
[EventDate "2019.02.20"]
[EventType "swiss"]
[EventCountry "NOR"]
[SourceTitle "playchess.com"]
[Source "ChessBase"]
[SourceQuality "1"]

{[%evp 9,73,39,65,4,33,8,12,-50,-62,-57,-63,-67,-55,-57,10,-2,11,6,86,86,76,82,86,84,70,0,25,0,0,-10,-1,-6,42,35,95,100,160,156,251,195,197,193,220,206,204,182,183,170,197,196,190,138,256,252,351,351,665,663,1095,1095,1093,734,29981,29980,29988,29989]} 1. e4 c5 2. Nf3 Nc6 3. Bc4 g6 4. O-O Bg7 5. c3 d6 6. d3 {B27: Sicilian: 2 Nf3, unusual Black 2nd moves} (6. d4 $14) (6. Bb3 Nf6 7. d3 O-O 8. Nbd2 e5 9. Re1 Kh8 10. Nf1 Be6 11. Bg5 h6 12. Bh4 Qd7 13. Ne3 Nh5 14. Ba4 Nf4 15. Bg3 Nh5 {0-1 (41) Artemiev,V (2709)-Guseinov,G (2664) Skopje 2018}) 6... a6 7. Re1 Nf6 8. e5 $146 (8. a4 $11) ({Predecessor:} 8. Nbd2 O-O 9. Nf1 d5 10. exd5 Nxd5 11. Ng3 h6 12. Be3 Nxe3 13. fxe3 {0-1 (40) Spiesberger,G (2149)-Timoshenko,G (2572) Trieste 2011}) 8... dxe5 $15 9. Nxe5 Nxe5 10. Rxe5 b5 11. Bb3 $1 Nd7 (11... Qd6 $15 12. Bf4 Bb7) 12. Re1 $1 $36 {[%mdl 2048] And now Qf3 would win. White has some pressure.} e6 13. Qf3 Nb6 (13... Ra7 $11) 14. Qc6+ $16 Bd7 15. Qxc5 Rc8 16. Qb4 Bc6 17. c4 (17. Nd2 $14) 17... Qh4 {[#] ...Qg4 is the strong threat.} 18. Qd6 Qg4 {[%csl Gc6][%cal Rg4g2]} 19. Qg3 Qxg3 20. hxg3 bxc4 21. dxc4 Ba4 ({Black should play} 21... h5 $14) 22. Nc3 Bxc3 (22... Bd7 $142) 23. bxc3 O-O (23... Bd7 $16 {might work better.} 24. Bg5 a5) 24. c5 Bxb3 25. axb3 Nd5 26. Rxa6 Nxc3 27. b4 Nd5 28. Bd2 Rb8 29. Rb1 Rfc8 {intending ...Rxc5.} 30. c6 (30. Ra5 $18) 30... Nc7 {[#]} (30... Rb5 $16 31. Kf1 f6) 31. Ra5 $1 $18 Rb5 32. Bf4 Rxa5 $2 (32... Rb6 33. b5 h5) 33. bxa5 {[%cal Bb4a5,Ba5a6,Ba6a7][%mdl 32]} Na6 34. Rb6 Nc7 35. a6 Nd5 36. Rb8 Ne7 37. a7 {Accuracy: White = 49%, Black = 29%.} 1-0